00946cam a2200289 i 4500001000700000003000700007005001700014008004100031020003800072040002300110041001300133042000900146082001100155084001100166100001900177245013900196246005700335250001100392260003400403300002400437490001700461500006600478650001900544700001900563740005700582830001700639463188YEEZEN20260410141526.0221208s2022 ch g 000 1 chi d a9786269593842q(平裝) :cNT$400 bchidNHUeccrcNHU1 achihkor anbic a862.57 a862.571 a金浩然e著10a不便利的便利店 :b불편한 편의점 /c金浩然(김호연)著 ; 陳品芳譯30a불편한 편의점 a初版 a臺北市 :b寂寞,c2022.09 a303面 ;c21 公分1 aSoul ;v047. a譯自 : 불편한 편의점 7a小說2lcstt.1 a陳品芳e譯0 a불편한 편의점 0aSoul ;v047.